[Event "22nd Kavala Open 2013"]
[Site "Kavala GRE"]
[Date "2013.08.13"]
[Round "9.15"]
[White "Ioannidis,Ev"]
[Black "Stamos,F"]
[Result "1-0"]
[WhiteElo "2024"]
[BlackElo "2048"]

1.d4 d5 2.c4 c6 3.Nc3 Nf6 4.Nf3 e6 5.e3 a6 6.a4 a5 7.Bd3 Bd6 8.O-O O-O 9.e4 dxe4
10.Nxe4 Nxe4 11.Bxe4 Nd7 12.Bc2 c5 13.Ng5 g6 14.Ne4 Be7 15.Bh6 Re8 16.dxc5 Nxc5
17.Qf3 Nxe4 18.Bxe4 Qb6 19.Qc3 Bf8 20.Bxf8 Rxf8 21.Rad1 Rd8 22.Qf6 Bd7 23.Qe7 Qc7
24.Rd4 e5 25.Rd2 Ra6 26.Bd5 Rf8 27.c5 Qc8 28.Bc4 Bxa4 29.Bxa6 bxa6 30.Qxe5 Re8
31.Qd6 Bc6 32.f3 a4 33.Rfd1 Qb7 34.Qf6 Qb5 35.Qc3 Qb8 36.Rd6 Qc7 37.Qd4 h5
38.Rd8 Qe7 39.Rxe8+ Bxe8 40.Kf2 Kh7 41.Re1 Qf8 42.Qd6 Qh8 43.Qe5  1-0

[Event "XXIV Jozefa Kochana Mem"]
[Site "Koszalin POL"]
[Date "2013.08.13"]
[Round "5.14"]
[White "Dmochowska,A"]
[Black "Oglaza,Oskar"]
[Result "1-0"]
[WhiteElo "1823"]
[BlackElo "1512"]

1.d4 d5 2.c4 e6 3.Nc3 c6 4.Nf3 Nf6 5.e3 Nbd7 6.Qc2 Be7 7.Bd3 dxc4 8.Bxc4 b5
9.Bd3 a5 10.O-O Bb7 11.b3 O-O 12.Bb2 Nb6 13.Ne5 Rc8 14.Qe2 b4 15.Ne4 c5 16.Nxf6+ Bxf6
17.f4 Nd5 18.dxc5 Rxc5 19.Bd4 Rc8 20.Qh5 g6 21.Qh3 Nxf4 22.Rxf4 Bxe5 23.Bxe5 Qxd3
24.Qxh7+ Kxh7 25.Rh4+ Kg8 26.Rh8+  1-0

[Event "XXIV Jozefa Kochana Mem"]
[Site "Koszalin POL"]
[Date "2013.08.13"]
[Round "5.2"]
[White "Malaniuk,V"]
[Black "Brusilowicz,Przemyslaw"]
[Result "1-0"]
[WhiteElo "2528"]
[BlackElo "1954"]

1.d4 d5 2.c4 c6 3.e3 Nf6 4.Nc3 e6 5.Nf3 Nbd7 6.Bd3 Bd6 7.e4 dxe4 8.Nxe4 Nxe4
9.Bxe4 Nf6 10.Bc2 b6 11.O-O Bb7 12.Bg5 Qc7 13.Qe2 O-O-O 14.a3 c5 15.dxc5 Qxc5
16.Bh4 Qh5 17.Bg3 Bxg3 18.hxg3 Rd6 19.Rfd1 Rhd8 20.Rxd6 Rxd6 21.Re1 Ng4 22.Be4 Bxe4  1-0

[Event "22nd ZMDI Open 2013"]
[Site "Dresden GER"]
[Date "2013.08.14"]
[Round "5.41"]
[White "Wilhelm,Till"]
[Black "Rother,M"]
[Result "0-1"]
[WhiteElo "2013"]
[BlackElo "2136"]

1.d4 d5 2.c4 c6 3.Nc3 Nf6 4.Nf3 e6 5.e3 Nbd7 6.Bd3 dxc4 7.Bxc4 b5 8.Bd3 Bb7
9.O-O a6 10.a4 b4 11.Ne4 c5 12.Ned2 Be7 13.Qe2 O-O 14.Nc4 Ne4 15.a5 Qc7 16.Bd2 Bf6
17.Rfc1 Nxd2 18.Ncxd2 Rfc8 19.Ne4 Be7 20.dxc5 Nxc5 21.Nxc5 Bxc5 22.Qc2 g6
23.Be4 Qe7 24.Bxb7 Qxb7 25.Qa4 Be7 26.Ne5 Bf6 27.Nc4 Qb5 28.Qb3 Ra7 29.Rc2 Rac7
30.Rac1 Qd5 31.Qxb4 Bxb2 32.Qxb2 Rxc4 33.Rxc4 Rxc4 34.Qb8+ Kg7 35.Qb2+ Kg8
36.Qb8+ Kg7 37.Qb2+ Kh6 38.Ra1 Ra4 39.Qc1 Qxa5 40.Rxa4 Qxa4 41.e4+ Kg7 42.Qe3 Kf8
43.Qc5+ Ke8 44.Qc8+ Ke7 45.Qc5+ Kd7 46.h3 Qd1+  0-1

[Event "XXIV Jozefa Kochana Mem"]
[Site "Koszalin POL"]
[Date "2013.08.15"]
[Round "7.12"]
[White "Stylinski,Piotr"]
[Black "Bilczewski,Kacper"]
[Result "0-1"]
[WhiteElo "1576"]
[BlackElo "1807"]

1.d4 d5 2.c4 c6 3.Nf3 Nf6 4.Nc3 e6 5.e3 Nbd7 6.Bd3 dxc4 7.Bxc4 b5 8.Bd3 Bb7
9.O-O a6 10.a3 c5 11.dxc5 Bxf3 12.Qxf3 Ne5 13.Qg3 Nxd3 14.Rd1 Ra7 15.e4 Rd7
16.Bg5 Bxc5 17.Rd2 Bd6 18.Qh4 Ne5 19.Rad1 Be7 20.Qg3 Ng6 21.Rxd7 Nxd7 22.Bxe7 Qxe7
23.Qc7 Qd8 24.Qd6 Qc8 25.Kh1 Nge5 26.f4 Nc4 27.Qd4 Nf6 28.e5 Nd5 29.Ne4 O-O
30.b3 Nce3 31.Rg1 Qc2 32.Nd6 Qxb3 33.f5 Nxf5 34.Nxf5 exf5 35.h3 Qc4 36.Qa7 Qc6
37.Rd1 Nf4 38.Qf2 Qe4 39.Rd4 Qb1+ 40.Kh2 Ne6 41.Rd6 Qe4 42.Rxa6 Qxe5+ 43.Kg1 Qd4
44.Rb6 Qxf2+ 45.Kxf2 Nd4 46.Rd6 Nc2 47.Rd5 Nxa3 48.Rxf5 Rb8 49.Rf3 b4  0-1

[Event "XXIV Jozefa Kochana Mem"]
[Site "Koszalin POL"]
[Date "2013.08.15"]
[Round "7.4"]
[White "Mielczarski,M"]
[Black "Piotrowski,Pawel"]
[Result "0-1"]
[WhiteElo "2241"]
[BlackElo "1959"]

1.d4 d5 2.c4 c6 3.Nc3 Nf6 4.Nf3 e6 5.e3 Nbd7 6.Qc2 Bd6 7.Bd3 O-O 8.O-O dxc4
9.Bxc4 e5 10.h3 Qe7 11.Bb3 Re8 12.Bd2 h6 13.Nh4 Nf8 14.dxe5 Qxe5 15.Nf3 Qh5
16.Qd3 Bc7 17.e4 Bxh3 18.gxh3 Rad8 19.Qe2 Qxh3 20.e5 Rxd2 21.Qxd2 Qxf3 22.Bd1 Qh3
23.Qe3 Qxe3 24.fxe3 Rxe5 25.Kf2 Ne6 26.Bf3 Ng5 27.Rad1 Bb6 28.Rd3 g6 29.Ke2 Kg7
30.Na4 Nxf3 31.Nxb6 axb6 32.Rxf3 g5 33.Rd6 Re6 34.Rxe6 fxe6 35.Rf1 h5 36.Rd1 g4
37.Rd8 h4 38.Rb8 h3 39.Rxb7+ Kg6 40.Kf2 Ne4+ 41.Kg1 g3 42.Rb8 h2+ 43.Kg2 Nf2
44.Rh8 h1=Q+ 45.Rxh1 Nxh1 46.Kxh1 Kf5 47.a4 c5  0-1

[Event "24th ch-NATO 2013"]
[Site "Rynia POL"]
[Date "2013.08.15"]
[Round "6.16"]
[White "Koopmeiners,K"]
[Black "Voroblievas,A"]
[Result "0-1"]
[WhiteElo "2038"]
[BlackElo "1857"]

1.d4 d5 2.c4 c6 3.Nf3 Nf6 4.Nc3 e6 5.e3 Nbd7 6.Bd3 dxc4 7.Bxc4 b5 8.Bd3 Bd6
9.O-O Bb7 10.e4 e5 11.dxe5 Nxe5 12.Nxe5 Bxe5 13.f4 Bd4+ 14.Kh1 h5 15.Qe1 Ng4
16.Nd1 a6 17.Bd2 c5 18.Rc1 Qf6 19.Bc3 Rd8 20.Bb1 b4 21.Bxd4 Qxd4 22.b3 a5
23.Rc4 Qxd1 24.Qxd1 Rxd1 25.Rxd1 Nf2+ 26.Kg1 Nxd1 27.Rxc5 Nc3 28.Bd3 Rh6
29.Rxa5 Bxe4 30.Bxe4 Nxe4 31.Re5+ Re6 32.Rxh5 Nc3 33.Rg5 g6 34.f5 Rd6 35.fxg6 fxg6
36.h4 Kf7 37.h5 gxh5 38.Rxh5 Nxa2 39.Rb5 Rd3  0-1

[Event "FIDE World Cup 2013"]
[Site "Tromso NOR"]
[Date "2013.08.16"]
[Round "2.3"]
[White "Fressinet,L"]
[Black "Malakhov,V"]
[Result "0-1"]
[WhiteElo "2708"]
[BlackElo "2707"]

1.Nf3 d5 2.c4 c6 3.e3 Nf6 4.Nc3 e6 5.d4 a6 6.Bd3 dxc4 7.Bxc4 b5 8.Be2 Bb7
9.O-O c5 10.dxc5 Qxd1 11.Rxd1 Bxc5 12.Nd2 Nbd7 13.Nb3 Bb6 14.a4 b4 15.a5 Bxe3
16.Bxe3 bxc3 17.bxc3 O-O 18.c4 Rfc8 19.f3 e5 20.Rd6 Bc6 21.Nc5 Nxc5 22.Bxc5 Ne8
23.Rd2 Nc7 24.Rb1 Ne6 25.Be3 Be8 26.Rb6 Nc5 27.Bxc5 Rxc5 28.Rd5 Rc7 29.Rxe5 f6
30.Ree6 Rac8 31.Rxa6 Bf7 32.Re4 Bxc4 33.Bxc4+ Rxc4 34.Rxc4 Rxc4 35.Rb6 Ra4
36.a6 h5 37.Kf2 Kf7 38.Rb7+ Ke6 39.a7 g5 40.Ke3 f5 41.Rh7 h4 42.Kd3 Ke5 43.g3 hxg3
44.hxg3 g4 45.f4+ Kd5 46.Rd7+ Ke6 47.Rb7 Kd5 48.Kc3 Ra1 49.Re7 Kd6 50.Rb7 Kd5
51.Kb3 Kc5 52.Rf7 Kd4 53.Re7 Kc5 54.Kb2 Ra6 55.Re5+ Kd4 56.Rxf5 Rxa7 57.Rg5 Rb7+
58.Kc2 Rc7+ 59.Kb3 Rc3+ 60.Kb4 Rxg3 61.Rg8 Ke4 62.Kc4 Rg2 63.Re8+ Kxf4 64.Kd3 Ra2
65.Rf8+ Kg3 66.Ke3 Kg2  0-1

[Event "XXIV Jozefa Kochana Mem"]
[Site "Koszalin POL"]
[Date "2013.08.17"]
[Round "9.9"]
[White "Lisinski,H"]
[Black "Oglaza,Oskar"]
[Result "0-1"]
[WhiteElo "1929"]
[BlackElo "1512"]

1.d4 d5 2.Nf3 e6 3.c4 c6 4.Nc3 Nf6 5.e3 Nbd7 6.Bd3 dxc4 7.Bxc4 b5 8.Bd3 a5
9.O-O Be7 10.e4 b4 11.Ne2 Nb6 12.Ng3 Ba6 13.Bxa6 Rxa6 14.e5 Nfd5 15.Ne4 h6
16.Qc2 Qd7 17.Bd2 O-O 18.Rac1 Rc8 19.Qd3 Raa8 20.Nc5 Qe8 21.Ne1 Nd7 22.Qg3 Kh7
23.Ned3 Nxc5 24.Nxc5 Bxc5 25.Rxc5 Qd7 26.Rfc1 Nb6 27.Qe3 Nd5 28.Qe4+ Kh8
29.f4 Ne7 30.g4 Rd8 31.Be3 Rac8 32.Rxa5 Nd5 33.Bf2 g6 34.Rac5 Kg7 35.Qc2 Nxf4
36.Kf1 Qa7 37.Rxc6 Rxc6 38.Qxc6 Qxa2 39.Qe4 Qa6+ 40.Ke1 Nd3+ 41.Kd2 Nxc1
42.Kxc1 Qa1+ 43.Kd2 Qxb2+ 44.Ke1 Qc1+ 45.Ke2 b3 46.Qf3 Rc8 47.Qf6+ Kg8 48.d5 Qc2+
49.Kf3 Qd3+ 50.Be3 Qf1+ 51.Bf2 Rc3+ 52.Ke4 Qd3+  0-1

[Event "Stare Mesto Open 2013"]
[Site "Stare Mesto CZE"]
[Date "2013.08.17"]
[Round "10.18"]
[White "Kukucka,M"]
[Black "Svoboda,Ma"]
[Result "1-0"]
[WhiteElo "2076"]
[BlackElo "1957"]

1.d4 d5 2.c4 c6 3.Nf3 Nf6 4.Nc3 e6 5.e3 Nbd7 6.Qc2 Be7 7.Bd3 O-O 8.O-O h6
9.Rd1 Qc7 10.b3 b6 11.Bb2 Bb7 12.Rac1 Rac8 13.Qe2 Qb8 14.e4 dxe4 15.Nxe4 Nxe4
16.Bxe4 Nf6 17.Bb1 Rfe8 18.c5 Rcd8 19.Ne5 Qc7 20.Qc2 bxc5 21.dxc5 Rd5 22.Rxd5 exd5
23.b4 a5 24.Ng4 Ne4 25.f3 Bg5 26.Re1 Qf4 27.Bc1 Qf5 28.Nf2  1-0

[Event "TCh-POR Div1 Final 2013"]
[Site "Matosinhos POR"]
[Date "2013.08.18"]
[Round "2.2"]
[White "Diogo,V"]
[Black "Neves,P"]
[Result "1-0"]
[WhiteElo "2300"]
[BlackElo "2218"]

1.Nf3 d5 2.d4 c6 3.c4 Nf6 4.Nc3 e6 5.e3 a6 6.c5 Nbd7 7.Bd2 Qe7 8.Be2 e5 9.O-O h5
10.Rc1 e4 11.Ne1 Ng4 12.f3 exf3 13.Nxf3 g6 14.e4 dxe4 15.Nxe4 Qxe4 16.Bc4 Be7
17.Bxf7+ Kf8 18.Re1 Qf5 19.Be6 Qd3 20.Bh6+ Rxh6 21.Qxd3 Bd8 22.Rf1 Kg7 23.Rce1 Ngf6
24.Bc4 b5 25.Bb3 Nf8 26.Ne5 Bf5 27.Qf3 Ba5 28.Re2 Rh7 29.Nxc6 Bd8 30.Ne7 Ra7
31.Nxf5+ gxf5 32.Qxf5 Rh6 33.d5 h4 34.d6 Rh5 35.Qc8 Rd7 36.Be6  1-0

[Event "12th Lichtenberger Sommer"]
[Site "Berlin GER"]
[Date "2013.08.19"]
[Round "3.94"]
[White "Mildenberger,H"]
[Black "Strehlow,H2"]
[Result "1-0"]
[WhiteElo "1622"]
[BlackElo "2026"]

1.d4 Nf6 2.c4 e6 3.Nf3 d5 4.e3 c6 5.Nc3 Nbd7 6.Bd3 dxc4 7.Bxc4 b5 8.Bd3 Bb7
9.O-O a6 10.Bd2 c5 11.dxc5 Nxc5 12.Bc2 Qb6 13.Qe2 Be7 14.b4 Nce4 15.Nxe4 Nxe4
16.a3 Bf6 17.Rab1 O-O 18.a4 Rac8 19.a5 Qd8 20.Bb3 Nc3 21.Bxc3 Rxc3 22.Rfd1 Qc7
23.e4 Rc8 24.Nd2 Be7 25.Qg4 Bd6 26.h3 Qe7 27.Nf3 Bxb4 28.Ng5 Bxa5 29.Nxe6 fxe6
30.Bxe6+ Kh8 31.Rd7 Rc1+ 32.Rxc1 Rxc1+ 33.Kh2 Bc7+ 34.g3 Qf6 35.Rf7 Bxe4
36.Qxe4 Qd8 37.Qf5 Bd6 38.Rd7 Qb8 39.Qg5 Bxg3+ 40.Kg2 Qf8 41.Rd8 Bd6 42.Rxf8+  1-0

[Event "3rd Isthmia Open"]
[Site "Vrachati GRE"]
[Date "2013.08.19"]
[Round "3.17"]
[White "Papadopoulos,Geo3"]
[Black "Hristodoulou,P"]
[Result "1/2-1/2"]
[WhiteElo "2005"]
[BlackElo "2232"]

1.d4 d5 2.c4 c6 3.Nc3 Nf6 4.Nf3 e6 5.e3 Nbd7 6.Qc2 Bd6 7.Bd3 O-O 8.O-O dxc4
9.Bxc4 a6 10.Rd1 c5 11.dxc5 Bxc5 12.a3 b5 13.Bd3 Bb7 14.Ne4 Nxe4 15.Bxe4 Bxe4
16.Qxe4 Nf6 17.Qc2 Qb6 18.b4 Be7 19.Bb2 Rac8 20.Qb3 Qb7 21.Rac1 Rxc1 22.Rxc1 Rc8
23.Rxc8+ Qxc8 24.h3 Nd5 25.Ne5 Bf6 26.Nd3 Qc4 27.Qd1 Nc3 28.Qd2 Ne4 29.Qd1 Nc3
30.Qd2 h6 31.Nc5 a5  1/2-1/2

[Event "3rd Isthmia Open"]
[Site "Vrachati GRE"]
[Date "2013.08.19"]
[Round "3.6"]
[White "Stathopoulos,I"]
[Black "Debashis,D"]
[Result "1/2-1/2"]
[WhiteElo "2248"]
[BlackElo "2495"]

1.d4 d5 2.c4 c6 3.Nf3 Nf6 4.Nc3 e6 5.e3 c5 6.a3 Nc6 7.Be2 cxd4 8.exd4 Be7
9.O-O O-O 10.Bg5 h6 11.Bh4 b6 12.Ne5 Bb7 13.Bf3 Rc8 14.cxd5 Nxe5 15.dxe5 Nxd5
16.Bxe7 Qxe7 17.Ne4 Ba8 18.Qd2 Rcd8 19.Rac1 Nc7 20.Qf4 Bxe4 21.Qxe4 Rd7 22.Rfd1 Nd5
23.Rc4 Rfd8 24.Rdc1 Qf8 25.h3 Ne7 26.Rc7 Nd5 27.Rxd7 Rxd7 28.Qa4 Qd8 29.Rc6 g6
30.Rd6 Rxd6 31.exd6 Qxd6 32.Qxa7 Nf4 33.Qa8+ Kg7 34.Qe4 g5 35.g3 Nd3 36.b4 Ne5
37.Bh5 Nd7 38.Be2 Nf6 39.Qe3 e5 40.Bf3 Qe6 41.Bg2 Qd6 42.Qc3 Qd1+ 43.Bf1 e4
44.Kg2 Kg6 45.Bc4 Nd5 46.Qb3 Qxb3 47.Bxb3 Nc3 48.a4 f5 49.a5 bxa5 50.bxa5 Nb5
51.a6 Kf6 52.Ba4 Na7 53.f3 exf3+ 54.Kxf3 Ke5 55.Bd7 Kf6 56.Ke3 Ke5 57.Kf3 Kf6
58.g4 f4 59.Ke4 Ke7 60.Ba4 Kd6 61.Kf5 Kc7 62.Kg6 Nc6 63.a7 Nxa7 64.Kxh6 f3
65.Bd1 f2 66.Be2 Kd6 67.Kxg5 Ke5 68.h4 Nc6 69.h5 Nd4 70.Bf1 Nf3+ 71.Kg6 Nh2
72.h6 Nxf1 73.h7 Ne3 74.h8=Q+ Kf4 75.Qf6+ Kg3 76.g5 f1=Q 77.Qxf1 Nxf1 78.Kf6 Kg4
79.g6 Ng3  1/2-1/2

[Event "TCh-ESP CECLUB Div1Gp2 2013"]
[Site "Linares ESP"]
[Date "2013.08.20"]
[Round "2.1"]
[White "Cao Armillas,J"]
[Black "Senlle Caride,M"]
[Result "1/2-1/2"]
[WhiteElo "2184"]
[BlackElo "2303"]

1.d4 Nf6 2.c4 e6 3.Nc3 d5 4.Nf3 c6 5.e3 Nbd7 6.Bd3 dxc4 7.Bxc4 b5 8.Bd3 Bb7
9.O-O a6 10.e4 c5 11.d5 c4 12.dxe6 fxe6 13.Bc2 Bc5 14.Qe2 O-O 15.Bg5 Qc7
16.Bh4 Nh5 17.Ng5 Nf4 18.Qd2 h6 19.Nf3 g5 20.Bg3 Rad8 21.Bxf4 Qxf4 22.Qxf4 Rxf4
23.Rad1 Rff8 24.Ne2 Kf7 25.h3 Ke7 26.b3 cxb3 27.axb3 Rc8 28.Bd3 Bb4 29.Bb1 Nc5
30.Ne5 Rfd8 31.Nd4 Bc3 32.Ng6+ Kf7 33.Ne5+ Kg7  1/2-1/2

[Event "12th Lichtenberger Sommer"]
[Site "Berlin GER"]
[Date "2013.08.21"]
[Round "5.12"]
[White "Cusnariov,N"]
[Black "Thorarinsson,P"]
[Result "1/2-1/2"]
[WhiteElo "2154"]
[BlackElo "2222"]

1.d4 d5 2.c4 c6 3.Nc3 e6 4.e3 Nf6 5.Nf3 Nbd7 6.Bd3 dxc4 7.Bxc4 b5 8.Bd3 Bb7
9.O-O a6 10.Qe2 c5 11.Rd1 b4 12.Na4 cxd4 13.Nxd4 e5 14.Nf5 Qa5 15.Bc2 Bc6
16.b3 e4 17.Ng3 h5 18.Qd2 Rd8 19.Bb2 h4 20.Ne2 h3 21.Bxf6 Nxf6 22.Qxd8+ Qxd8
23.Rxd8+ Kxd8 24.g3 Bxa4 25.bxa4  1/2-1/2

[Event "12th Lichtenberger Sommer"]
[Site "Berlin GER"]
[Date "2013.08.21"]
[Round "5.99"]
[White "Jansen,Ro"]
[Black "Stiemerling,K"]
[Result "1-0"]
[WhiteElo "1771"]
[BlackElo "1609"]

1.d4 d5 2.c4 c6 3.Nc3 Nf6 4.Nf3 e6 5.e3 Bb4 6.Bd2 dxc4 7.Bxc4 O-O 8.O-O Nbd7
9.Qc2 h6 10.Rfe1 Nb6 11.Bb3 Bd6 12.e4 Bc7 13.Rad1 Qe7 14.e5 Nh7 15.Ne4 Nd5
16.a3 a5 17.Ba2 f5 18.exf6 Nhxf6 19.Ne5 Bxe5 20.dxe5 Ng4 21.f3 Nxe5 22.Nc5 Qf6
23.Bc3 Nxf3+ 24.gxf3 Qxf3 25.Rd3 Qf5 26.Rg3 Qxc2 27.Rxg7+ Kh8 28.Rg2+ Qxc3
29.bxc3 b6 30.Nxe6 Bxe6 31.Rxe6 Nf4 32.Rxh6+  1-0

[Event "Caissa GM Aug 2013"]
[Site "Kecskemet HUN"]
[Date "2013.08.21"]
[Round "7.1"]
[White "Jia,H"]
[Black "Antal,T"]
[Result "1-0"]
[WhiteElo "2363"]
[BlackElo "2358"]

1.d4 d5 2.c4 c6 3.Nf3 Nf6 4.Nc3 e6 5.e3 Nbd7 6.Qc2 Bd6 7.g4 h6 8.Rg1 e5 9.cxd5 cxd5
10.Nb5 Bb8 11.g5 hxg5 12.Nxg5 O-O 13.dxe5 Nxe5 14.f4 Nc6 15.Bd2 Qe7 16.O-O-O a6
17.Bc3 Nb4 18.Bxb4 Qxb4 19.Nc3 Be6 20.Nxe6 fxe6 21.Bh3 Qe7 22.Qg6 Rf7 23.Kb1 Ba7
24.f5 e5 25.Nxd5 Nxd5 26.Rxd5 Bxe3 27.Re1 Bf4 28.Red1 Qh4 29.Bg2 Raf8 30.R1d3 Rf6
31.Rh3 Qxh3 32.Bxh3 Rxg6 33.fxg6 Re8 34.Bd7 Rb8 35.Be6+ Kh8 36.h4 b5 37.b4 Bg3
38.Rd3 Be1 39.a3 Re8 40.Bf7 Rc8 41.Re3 Bd2 42.Rxe5 Rb8 43.Kc2 Bf4 44.Re6 Ra8
45.Rc6 Bg3 46.h5 Be1 47.Re6 Rc8+ 48.Kd1 Bc3 49.Rxa6 Bb2 50.Be6 Rd8+ 51.Kc2 Bxa3
52.Kc3 Bb2+ 53.Kb3 Rd3+ 54.Kc2 Rd8 55.Bd7 Be5 56.Re6 Bf6 57.Bxb5 Kg8 58.Rxf6 gxf6
59.h6 f5 60.Bc4+  1-0

[Event "12th Lichtenberger Sommer"]
[Site "Berlin GER"]
[Date "2013.08.22"]
[Round "6.54"]
[White "Korell,K"]
[Black "Giannino,D"]
[Result "0-1"]
[WhiteElo "1960"]
[BlackElo "1989"]

1.d4 d5 2.c4 c6 3.Nf3 Nf6 4.Nc3 e6 5.e3 Nbd7 6.b3 Bd6 7.Bb2 Qe7 8.Be2 O-O
9.O-O b6 10.Qc2 Bb7 11.e4 dxe4 12.Nxe4 Nxe4 13.Qxe4 Rfd8 14.Rfd1 Nf8 15.Rac1 c5
16.Qe3 Ng6 17.g3 cxd4 18.Nxd4 Bc5 19.Qc3 e5 20.Nf5 Qg5 21.Qc2 Nf4 22.Bf1 Qg4
23.Ne3 Qf3 24.Nd5 Nxd5 25.cxd5 Rxd5  0-1

[Event "12th Lichtenberger Sommer"]
[Site "Berlin GER"]
[Date "2013.08.23"]
[Round "7.40"]
[White "Guenther,T"]
[Black "Moeller,Dustin"]
[Result "1-0"]
[WhiteElo "2088"]
[BlackElo "1793"]

1.d4 d5 2.Nf3 Nf6 3.c4 c6 4.e3 e6 5.Nc3 Nbd7 6.Bd3 dxc4 7.Bxc4 b5 8.Bd3 Bb7
9.O-O a6 10.a4 b4 11.Nb1 c5 12.Nbd2 Be7 13.a5 O-O 14.Nc4 cxd4 15.exd4 Nd5
16.Qe2 Re8 17.Qe4 N7f6 18.Qh4 h6 19.Qh3 b3 20.Nce5 Bb4 21.g4 Nd7 22.g5 Nxe5
23.Nxe5 hxg5 24.Qh7+ Kf8 25.Qh8+ Ke7 26.Qxg7 Nf4 27.Qxf7+ Kd6 28.Qxb7 Rh8
29.Nf7+  1-0

[Event "22nd Feffernitz Open 2013"]
[Site "Feffernitz GER"]
[Date "2013.08.24"]
[Round "8.10"]
[White "Schuhmacher,J"]
[Black "Trampitsch,H"]
[Result "1/2-1/2"]
[WhiteElo "1990"]
[BlackElo "2037"]

1.d4 d5 2.c4 c6 3.Nf3 Nf6 4.e3 e6 5.Nc3 Bd6 6.Qc2 O-O 7.b3 Nbd7 8.Be2 Re8
9.O-O Qe7 10.Bb2 dxc4 11.Bxc4 Nb6  1/2-1/2

[Event "20th Graz Open 2013"]
[Site "Graz AUT"]
[Date "2013.08.24"]
[Round "1.10"]
[White "Wiedner,R"]
[Black "Murko,David"]
[Result "1-0"]
[WhiteElo "2152"]
[BlackElo "1792"]

1.Nf3 Nf6 2.d4 d5 3.c4 e6 4.Nc3 c6 5.e3 Nbd7 6.Be2 dxc4 7.Bxc4 b5 8.Bd3 a6
9.O-O c5 10.dxc5 Nxc5 11.Bc2 Qc7 12.Qe2 Be7 13.Rd1 Bb7 14.Bd2 O-O 15.Rac1 Qb6
16.a3 Rfd8 17.e4 Ncd7 18.Bf4 Rac8 19.e5 Nd5 20.Nxd5 Bxd5 21.Ng5 h6 22.Ne4 Qb7
23.f3 Rc6 24.Nc3 Nb6 25.Qd3 g6 26.Nxd5 Rxd5 27.Qe2 Kg7 28.Be4 Rxc1 29.Rxc1 Qd7
30.Bxd5 Nxd5 31.Bd2 Qa7+ 32.Qf2 Qb7 33.g3 Bd8 34.Kg2 Bb6 35.Qe2 Bd4 36.h4 Qb8
37.Bf4 Qb7 38.Qd2 Qb6 39.Bxh6+ Kh7 40.Re1 Bc5 41.Bg5 b4 42.h5 gxh5 43.Qd3+ Kg8
44.Rh1 Be3 45.Bf6  1-0

[Event "49th Rubinstein Memorial"]
[Site "Polanica Zdroj POL"]
[Date "2013.08.24"]
[Round "8.4"]
[White "Moranda,W"]
[Black "Czarnota,P"]
[Result "1/2-1/2"]
[WhiteElo "2572"]
[BlackElo "2534"]

1.d4 d5 2.c4 c6 3.Nc3 Nf6 4.e3 e6 5.Nf3 Nbd7 6.Qc2 Bd6 7.Bd3 O-O 8.O-O dxc4
9.Bxc4 a6 10.Rd1 b5 11.Be2 Qc7 12.Ne4 Nxe4 13.Qxe4 e5 14.Qh4 Re8 15.Bd3 h6
16.Bd2 Be7 17.Qg3 Bd6 18.Qh4 Be7 19.Qg3 Bd6 20.Qh4 Be7  1/2-1/2

[Event "12th Lichtenberger Sommer"]
[Site "Berlin GER"]
[Date "2013.08.25"]
[Round "9.86"]
[White "Mildenberger,H"]
[Black "Krueger,Ek"]
[Result "1/2-1/2"]
[WhiteElo "1622"]
[BlackElo "1806"]

1.d4 d5 2.c4 c6 3.Nc3 Nf6 4.Nf3 e6 5.e3 Nbd7 6.Bd3 dxc4 7.Bxc4 b5 8.Bd3 Bb7
9.O-O a6 10.Re1 c5 11.dxc5 Bxc5 12.h3 Qb6 13.a3 Rd8 14.Qe2 Qc7 15.e4 Ne5
16.Nxe5 Qxe5 17.Be3 Bxe3 18.Qxe3 O-O 19.f3 h6 20.Bc2 Rd7 21.Red1 Rfd8 22.Rxd7 Rxd7
23.Rd1 Qc7 24.Rxd7 Nxd7 25.Bb3 Kf8 26.Qd4 Bc6 27.Qb4+ Ke8 28.Qd4 Nf6 29.Qc5 Nd7
30.Qd4 Qb6 31.Qxb6 Nxb6 32.Kf2 Kd7 33.Ke3 Kd6 34.Kd4 e5+ 35.Kd3 f6 36.Ba2 a5
37.b4 a4 38.h4 g5 39.hxg5 fxg5 40.g4 Nd7 41.Ne2 Nf6 42.Ng3 Bd7 43.Bf7 Ke7
44.Bg6 Be6 45.Bf5 Bc4+ 46.Ke3 Bf7 47.Bc8 Kd8 48.Bf5 Ne8 49.Kd3 Nd6 50.Bh7 Nc4
51.Nf5 Kd7 52.Nxh6 Be6 53.Bf5 Ke7 54.Bxe6 Kxe6 55.Nf5 Nxa3 56.Ne3 Kd6 57.Kc3 Kc6
58.Kd3 Nb1 59.Kc2 Na3+  1/2-1/2

[Event "3rd Budapest Open"]
[Site "Budapest HUN"]
[Date "2013.08.25"]
[Round "9.16"]
[White "Yip,M"]
[Black "Czimer,J"]
[Result "1-0"]
[WhiteElo "2023"]
[BlackElo "1704"]

1.d4 d5 2.Nf3 Nf6 3.c4 e6 4.Nc3 c6 5.e3 Nbd7 6.Bd3 dxc4 7.Bxc4 b5 8.Bb3 a6
9.e4 Bb4 10.e5 Nd5 11.Bd2 Nxc3 12.bxc3 Ba3 13.O-O h6 14.Qe2 Nb6 15.Rab1 Bd7
16.h4 Be7 17.h5 Qc7 18.Be3 c5 19.Nd2 c4 20.Bc2 O-O-O 21.Ne4 Nd5 22.Bd2 f5
23.Ng3 Bg5 24.f4 Bh4 25.Nh1 Rdf8 26.a4 Be7 27.axb5 axb5 28.Ra1 Bc6 29.g4 fxg4
30.Qxg4 Qd7 31.Ng3 Nc7 32.f5 Kb7 33.Kh2 Rhg8 34.Rf2 Bd5 35.Raf1 exf5 36.Bxf5 Ne6
37.Be3 Qc6 38.Rb1 Rd8 39.Rfb2 Nc7 40.Ne2 Kb6 41.Nf4 b4 42.cxb4 Kb5 43.Ne2 Bf3
44.Nc3+ Ka6 45.Qg1 Nb5 46.Ra1+ Kb7 47.Nxb5 Qxb5 48.Ra5 Qc6 49.Ra7+ Kxa7 50.d5+ Kb7
51.dxc6+ Bxc6 52.b5 Bd5 53.Qg6  1-0

[Event "TCh-SRB 1st League 2013"]
[Site "Kragujevac SRB"]
[Date "2013.08.25"]
[Round "2.4"]
[White "Miljkovic,Mir1"]
[Black "Grachev,B"]
[Result "1/2-1/2"]
[WhiteElo "2456"]
[BlackElo "2676"]

1.d4 d5 2.c4 e6 3.Nc3 c6 4.e3 Nf6 5.Nf3 Nbd7 6.Bd3 dxc4 7.Bxc4 b5 8.Bd3 Bd6
9.O-O O-O 10.b3 a6 11.Bb2 Bb7 12.a4 Qe7 13.Rc1 Rac8 14.Ng5 bxa4 15.Nxa4 h6
16.Nf3 c5 17.Nxc5 Nxc5 18.dxc5 Bxc5 19.Qe2 a5 20.Bxf6 Qxf6 21.Ba6 Qe7 22.Bxb7 Qxb7
23.Rc3 Be7 24.Rd3 Bf6 25.Rfd1 Rc5 26.Qa2 Qb4 27.h3 Rb8 28.Nd4 Bxd4 29.Rxd4 Qxb3
30.Qxb3 Rxb3 31.g4 Rb2 32.Rd8+ Kh7 33.R1d7 f5 34.Rf8 fxg4 35.hxg4 Rc4 36.Rf4 Rxf4
37.exf4 Rb4 38.Kg2 Rxf4 39.Kg3 Re4 40.Ra7 Re5 41.f4 Rb5 42.Ra6 g5 43.fxg5 hxg5
44.Rxe6 Kg7 45.Kf3 Kf7 46.Ra6 Re5 47.Rd6 Ke7 48.Rd4 Ke6 49.Rd8 Rd5 50.Rg8 Kf7
51.Ra8 Re5 52.Rd8 Ke6 53.Rd4 Rd5 54.Rc4 Kd6 55.Ke4 Rd1 56.Rc8 Ke6 57.Ra8  1/2-1/2

[Event "74th ch-ARM 1st League"]
[Site "Yerevan ARM"]
[Date "2013.08.25"]
[Round "5.6"]
[White "Kalashian,D"]
[Black "Hayrapetyan,A"]
[Result "1-0"]
[WhiteElo "2409"]
[BlackElo "2200"]

1.d4 d5 2.Nf3 Nf6 3.c4 c6 4.Nc3 e6 5.e3 a6 6.Qc2 b5 7.b3 Nbd7 8.Bd3 dxc4
9.bxc4 b4 10.Ne4 c5 11.O-O Bb7 12.Bb2 Be7 13.Rfd1 Qc7 14.Rac1 cxd4 15.exd4 O-O
16.d5 exd5 17.Nxf6+ Nxf6 18.Bxf6 Bxf6 19.Bxh7+ Kh8 20.Qf5 Bc8 21.Qh5 Qf4
22.Bb1+ Qh6 23.Qxd5 Bg4 24.Qe4 Bh5 25.Re1 Bc3 26.Re3 Rac8 27.Rd1 Kg8 28.Nh4 Rc5
29.Rd8 g6 30.Rxf8+ Qxf8 31.g4 Re5 32.Qf3 Rg5 33.h3 f5 34.Qd5+ Kg7 35.Nf3 Qf6
36.Qd7+ Kh6 37.Re7 Qh8 38.Nxg5  1-0

[Event "15th Sants Open 2013"]
[Site "Barcelona ESP"]
[Date "2013.08.26"]
[Round "4.8"]
[White "Santos Latasa,J"]
[Black "Esen,B"]
[Result "0-1"]
[WhiteElo "2436"]
[BlackElo "2559"]

1.d4 d5 2.c4 c6 3.Nf3 Nf6 4.Nc3 e6 5.e3 a6 6.Qc2 c5 7.dxc5 Bxc5 8.Be2 dxc4
9.O-O Nbd7 10.a4 b6 11.Bxc4 Bb7 12.b3 Qc7 13.e4 Ne5 14.Nxe5 Qxe5 15.Bb2 Ng4
16.g3 Qh5 17.h4 g5 18.b4 Bxb4 19.Nd5 exd5 20.Bxd5 gxh4 21.Bxb7 hxg3 22.Qc6+ Kf8
23.Kg2 Ne3+ 24.fxe3 Qe2+ 25.Kh3 Qh2+ 26.Kg4 Rg8+ 27.Kf3 Qh5+  0-1

[Event "TCh-SRB 1st League w 2013"]
[Site "Kragujevac SRB"]
[Date "2013.08.27"]
[Round "4.6"]
[White "Zhukova,N"]
[Black "Tadic,Ka"]
[Result "1-0"]
[WhiteElo "2468"]
[BlackElo "2076"]

1.d4 d5 2.c4 c6 3.Nc3 Nf6 4.e3 e6 5.Nf3 Nbd7 6.Qc2 a6 7.b3 Bd6 8.Bb2 Qe7
9.Be2 O-O 10.O-O Re8 11.e4 dxe4 12.Nxe4 Nxe4 13.Qxe4 Nf6 14.Qh4 Ba3 15.Bxa3 Qxa3
16.Ne5 Qe7 17.Bd3 h6 18.c5 Bd7 19.Nc4 Nd5 20.Qe4 g6 21.Nd6 Reb8 22.Bc4 b6
23.Qf3 a5 24.Rfe1 Qf8 25.Qg3 Qg7 26.Rad1 a4 27.bxa4 bxc5 28.dxc5 Rb4 29.Bb3 h5
30.Nc4 Bc8 31.Qd6 Bb7 32.Nb6 Rf8 33.Bxd5 exd5 34.a5 h4 35.h3 Rb2 36.a6 Bxa6
37.Qxc6 Rxa2 38.Nd7 Qb2 39.Qf6 Qxf6 40.Nxf6+ Kg7 41.Ne8+ Kh6 42.Rxd5 Bc4
43.Rd4 Be6 44.Nc7 Bf5 45.Rxh4+ Kg5 46.Rh7 Rd8 47.Rxf7 Rdd2 48.Ne6+ Kh6 49.g4  1-0

[Event "88th ch-ARG Superior 2013"]
[Site "Resistance/Saenz Pena ARG"]
[Date "2013.08.27"]
[Round "3.6"]
[White "Peralta,Fe"]
[Black "Valerga,D"]
[Result "0-1"]
[WhiteElo "2609"]
[BlackElo "2490"]

1.d4 d5 2.c4 e6 3.Nc3 c6 4.e3 Nf6 5.Nf3 a6 6.b3 Bb4 7.Bd2 Nbd7 8.Bd3 O-O
9.O-O Qe7 10.Ne5 Nxe5 11.dxe5 Nd7 12.f4 f6 13.Qc2 h6 14.a3 Bc5 15.b4 Ba7
16.exf6 Nxf6 17.c5 b6 18.cxb6 Bxb6 19.Na4 Ba7 20.Rae1 e5 21.fxe5 Qxe5 22.Nc5 Bb8
23.g3 Bh3 24.Rf2 Bd6 25.Bc1 Qe7 26.Nb3 Ng4 27.Rf5 Ne5 28.Rxf8+ Rxf8 29.Nd4 c5
30.bxc5 Bxc5 31.Kh1 Bxd4  0-1